The contractor rule (Record no. 19481)

MARC details
000 -LEADER
fixed length control field 01036cab a2200205 4500
001 - CONTROL NUMBER
control field A394
008 - FIXED-LENGTH DATA ELEMENTS--GENERAL INFORMATION
fixed length control field 090401t1967 xxu||||| |||| 00| 0 eng d
035 ## - SYSTEM CONTROL NUMBER
System control number (Sirsi) u28954
041 ## - LANGUAGE CODE
Language code of text/sound track or separate title eng
245 #4 - TITLE STATEMENT
Title The contractor rule
260 ## - PUBLICATION, DISTRIBUTION, ETC.
Date of publication, distribution, etc. 1967
350 ## - PRICE (NR) (BK AM CF MU VM SE) [OBSOLETE]
Price 0
490 ## - SERIES STATEMENT
Series statement Chartered Surveyor
Volume/sequential designation November 1967, 226, 229 (2)
520 ## - SUMMARY, ETC.
Summary, etc. Until 1967 there was an absolute ban on QSs working for contractors. In November that year the rule was modified - see references. A further change was made in 1978 to enable TPC candidates to spend their period of approved professional experience wholly in a contractor`s organisation. Further reference: Tyrell-Evans The Quantity Surveyors` Committee 1904-1954 p47 RICS 1954/2. [The rule still exists in the sense that CQSs may not be in private practice and be associated in any way (through employment or directorship) with a contracting firm].
650 ## - SUBJECT ADDED ENTRY--TOPICAL TERM
Topical term or geographic name entry element CONTRACTOR RULE
690 ## - LOCAL SUBJECT ADDED ENTRY--TOPICAL TERM (OCLC, RLIN)
Topical term or geographic name as entry element PROFESSIONAL PRACTICE
690 ## - LOCAL SUBJECT ADDED ENTRY--TOPICAL TERM (OCLC, RLIN)
Topical term or geographic name as entry element Quantity surveying
9 (RLIN) 6263
942 ## - ADDED ENTRY ELEMENTS (KOHA)
Suppress in OPAC 0
948 ## - LOCAL PROCESSING INFORMATION (OCLC); SERIES PART DESIGNATOR (RLIN)
c (OCLC) 04/03/1997
Holdings
Withdrawn status Lost status Source of classification or shelving scheme Damaged status Not for loan Home library Current library Shelving location Date acquired Total Checkouts Full call number Barcode Date last seen Copy number Price effective from Koha item type
    Dewey Decimal Classification     London London Journal article 14/09/1999   A394 28954-1001 06/08/2019 1 06/08/2019 Journal article